[Event "Open 2003 des PSV Rostock"]
[Site "Rostock"]
[Date "2003.08.30"]
[Round "6.15"]
[White "Miersch, Marco"]
[Black "Ernst, Mathias"]
[Result "1-0"]
[WhiteElo "2106"]
[BlackElo "1612"]
[PlyCount "75"]
[EventDate "2003.08.28"]
[EventType "swiss"]
[EventRounds "7"]
[EventCountry "GER"]
[Source "Th. Schwetlick"]
[SourceDate "2003.08.28"]

1. e4 e5 2. Nf3 Nc6 3. Bb5 a6 4. Ba4 Nf6 5. O-O b5 6. Bb3 Be7 7. Re1 O-O 8. c3
d5 9. exd5 Nxd5 10. Nxe5 Nxe5 11. Rxe5 c6 12. d4 Bd6 13. Re1 Qh4 14. g3 Qh3 15.
Be3 Bg4 16. Qd3 Rae8 17. Nd2 f5 18. f4 g5 19. Qf1 Qh5 20. Qg2 Kh8 21. Bxd5 cxd5
22. fxg5 Rxe3 23. Rxe3 f4 24. gxf4 Bxf4 25. Rd3 Re8 26. Rf1 Re2 27. Rf2 Re1+
28. Nf1 Qxg5 29. h3 Be6 30. Qxg5 Bxg5 31. Rg3 h6 32. Kg2 Bh4 33. Rf8+ Kh7 34.
Re3 Rxe3 35. Nxe3 Kg7 36. Ra8 Bg5 37. Rxa6 Bf7 38. Nf5+ 1-0

[Event "Open 2003 des PSV Rostock"]
[Site "Rostock"]
[Date "2003.08.30"]
[Round "6.16"]
[White "Van Bentum, Horst"]
[Black "Kasper, Mike"]
[Result "1/2-1/2"]
[WhiteElo "2090"]
[BlackElo "1794"]
[PlyCount "35"]
[EventDate "2003.08.28"]
[EventType "swiss"]
[EventRounds "7"]
[EventCountry "GER"]
[Source "Th. Schwetlick"]
[SourceDate "2003.08.28"]

1. e4 c5 2. Nc3 g6 3. f4 d6 4. Nf3 Nc6 5. Bc4 Bg7 6. d3 Nf6 7. O-O O-O 8. a4
Na5 9. Ba2 Bd7 10. Qe1 Rc8 11. Qh4 c4 12. d4 e6 13. f5 exf5 14. Bg5 h6 15. Bxh6
Nxe4 16. Qf4 Nxc3 17. bxc3 Bc6 18. Bxg7 1/2-1/2

[Event "Open 2003 des PSV Rostock"]
[Site "Rostock"]
[Date "2003.08.30"]
[Round "6.17"]
[White "Oldach, Ehrenfried"]
[Black "Jaeger, Frank"]
[Result "1/2-1/2"]
[WhiteElo "2057"]
[BlackElo "1780"]
[PlyCount "46"]
[EventDate "2003.08.28"]
[EventType "swiss"]
[EventRounds "7"]
[EventCountry "GER"]
[Source "Th. Schwetlick"]
[SourceDate "2003.08.28"]

1. e4 e5 2. Nf3 Nf6 3. d3 Nc6 4. Be2 d5 5. exd5 Nxd5 6. Bd2 Be7 7. Nc3 Be6 8.
a3 a5 9. Ne4 f6 10. h3 Qd7 11. g4 h5 12. g5 Bxh3 13. Nh4 O-O-O 14. Ng6 Rhg8 15.
Bxh5 Bf5 16. Ng3 Kb8 17. Nxf5 Qxf5 18. Qg4 Qxg4 19. Bxg4 Bc5 20. O-O-O Bxf2 21.
Be6 Ne3 22. Bxg8 Rxg8 23. Rhf1 Nxd1 1/2-1/2

[Event "Open 2003 des PSV Rostock"]
[Site "Rostock"]
[Date "2003.08.30"]
[Round "6.18"]
[White "Luetje, Juergen"]
[Black "Schmidt, Wolfgang"]
[Result "1/2-1/2"]
[WhiteElo "2042"]
[BlackElo "1776"]
[PlyCount "27"]
[EventDate "2003.08.28"]
[EventType "swiss"]
[EventRounds "7"]
[EventCountry "GER"]
[Source "Th. Schwetlick"]
[SourceDate "2003.08.28"]

1. c4 e5 2. Nc3 d6 3. g3 c6 4. Bg2 Nf6 5. e4 Be7 6. Nge2 O-O 7. O-O Re8 8. d3
Qc7 9. h3 Nbd7 10. Kh2 Nf8 11. b4 a6 12. f4 Bd7 13. Rb1 Ne6 14. Be3 1/2-1/2

[Event "Open 2003 des PSV Rostock"]
[Site "Rostock"]
[Date "2003.08.30"]
[Round "6.20"]
[White "Kripfganz, Sebastian"]
[Black "Dankesreiter, Arne"]
[Result "1-0"]
[WhiteElo "1764"]
[BlackElo "1995"]
[PlyCount "39"]
[EventDate "2003.08.28"]
[EventType "swiss"]
[EventRounds "7"]
[EventCountry "GER"]
[Source "Th. Schwetlick"]
[SourceDate "2003.08.28"]

1. c4 c6 2. Nc3 d5 3. cxd5 cxd5 4. d4 Nc6 5. Bf4 Bf5 6. e3 Nf6 7. Bd3 Bxd3 8.
Qxd3 Qa5 9. Qb5 Qxb5 10. Nxb5 Rc8 11. Nf3 a6 12. Nc3 b5 13. Rc1 e6 14. Ke2 Na5
15. Nxd5 Rxc1 16. Nxf6+ gxf6 17. Rxc1 Nc4 18. b3 Ba3 19. Rc2 e5 20. dxe5 1-0

[Event "Open 2003 des PSV Rostock"]
[Site "Rostock"]
[Date "2003.08.30"]
[Round "6.21"]
[White "Resnjanskij, Denis"]
[Black "Herde, Dittmar"]
[Result "1-0"]
[WhiteElo "1953"]
[BlackElo "1773"]
[PlyCount "53"]
[EventDate "2003.08.28"]
[EventType "swiss"]
[EventRounds "7"]
[EventCountry "GER"]
[Source "Th. Schwetlick"]
[SourceDate "2003.08.28"]

1. d4 d5 2. c4 e6 3. Nc3 Nf6 4. Nf3 c6 5. Qc2 Nbd7 6. e3 Bd6 7. Bd2 O-O 8. Bd3
e5 9. dxe5 Nxe5 10. Nxe5 Bxe5 11. O-O-O dxc4 12. Bxc4 b5 13. Bd3 Qe7 14. f4
Bxc3 15. Bxc3 h6 16. e4 b4 17. Bd2 Rb8 18. b3 a5 19. Be3 Qb7 20. Bd4 Nd7 21.
Qb2 f6 22. g4 c5 23. Be3 a4 24. g5 hxg5 25. Bc4+ Rf7 26. Bd5 Qa6 27. fxg5 1-0

[Event "Open 2003 des PSV Rostock"]
[Site "Rostock"]
[Date "2003.08.30"]
[Round "6.22"]
[White "Krueger, Alexander"]
[Black "Oelke, Bernd"]
[Result "1/2-1/2"]
[WhiteElo "1640"]
[BlackElo "1826"]
[PlyCount "76"]
[EventDate "2003.08.28"]
[EventType "swiss"]
[EventRounds "7"]
[EventCountry "GER"]
[Source "Th. Schwetlick"]
[SourceDate "2003.08.28"]

1. e4 c6 2. d4 d5 3. Nc3 dxe4 4. Nxe4 Bf5 5. Ng3 Bg6 6. Nf3 e6 7. Bd3 Bxd3 8.
Qxd3 Nf6 9. Bg5 Nbd7 10. O-O Be7 11. c4 O-O 12. Rad1 Qc7 13. Rfe1 h6 14. Bc1
Rfe8 15. Nd2 Rad8 16. Nde4 Nxe4 17. Nxe4 Nf6 18. Nc3 a6 19. Qf3 b5 20. c5 b4
21. Bf4 Qa5 22. Ne4 Nxe4 23. Qxe4 Rd5 24. Ra1 Bf6 25. Red1 Red8 26. Bd6 Qb5 27.
b3 a5 28. f4 a4 29. h3 Ra8 30. Kh2 axb3 31. axb3 Ra3 32. Be5 Bxe5 33. fxe5 Qa6
34. Rab1 Qb7 35. Rb2 Qd7 36. Rbb1 Qc7 37. Kg1 Qe7 38. Qe1 Qb7 1/2-1/2

[Event "Open 2003 des PSV Rostock"]
[Site "Rostock"]
[Date "2003.08.30"]
[Round "6.23"]
[White "Niessner, Robert"]
[Black "Sonnenberger, Kirsten"]
[Result "0-1"]
[WhiteElo "1533"]
[BlackElo "2052"]
[PlyCount "64"]
[EventDate "2003.08.28"]
[EventType "swiss"]
[EventRounds "7"]
[EventCountry "GER"]
[Source "Th. Schwetlick"]
[SourceDate "2003.08.28"]

1. e4 e5 2. Nf3 Nf6 3. Nxe5 d6 4. Nf3 Nxe4 5. Qe2 Qe7 6. d3 Nf6 7. Qxe7+ Bxe7
8. Be2 Nc6 9. a3 Bg4 10. Nc3 O-O-O 11. Be3 d5 12. Nd4 Nxd4 13. Bxg4+ Nxg4 14.
Bxd4 Rhe8 15. Ne2 f6 16. h3 Nh6 17. O-O-O Bxa3 18. Be3 Bf8 19. Ng3 Nf7 20. Rhe1
a6 21. b3 Ba3+ 22. Kb1 Nd6 23. Bc1 Bb4 24. Rf1 Nb5 25. Bb2 d4 26. Nf5 Re5 27.
Ng3 Rdd5 28. f4 Nc3+ 29. Kc1 Re3 30. Bxc3 Bxc3 31. Ne4 Rxe4 32. dxe4 Ra5 0-1

[Event "Open 2003 des PSV Rostock"]
[Site "Rostock"]
[Date "2003.08.30"]
[Round "6.26"]
[White "Mueggenburg, Rolf"]
[Black "Rath, Wolfgang"]
[Result "1-0"]
[WhiteElo "1460"]
[BlackElo "1730"]
[PlyCount "23"]
[EventDate "2003.08.28"]
[EventType "swiss"]
[EventRounds "7"]
[EventCountry "GER"]
[Source "Th. Schwetlick"]
[SourceDate "2003.08.28"]

1. Nc3 g6 2. d4 Bg7 3. e4 d6 4. Nf3 Nd7 5. Bc4 e6 6. O-O c5 7. dxc5 Bxc3 8.
bxc3 Nxc5 9. Re1 e5 10. Ng5 Nh6 11. Bb5+ Bd7 12. Qxd6 1-0

[Event "Open 2003 des PSV Rostock"]
[Site "Rostock"]
[Date "2003.08.30"]
[Round "6.27"]
[White "Hamann, Dirk"]
[Black "Raitza, Egon"]
[Result "1-0"]
[WhiteElo "1709"]
[BlackElo "1684"]
[PlyCount "91"]
[EventDate "2003.08.28"]
[EventType "swiss"]
[EventRounds "7"]
[EventCountry "GER"]
[Source "Th. Schwetlick"]
[SourceDate "2003.08.28"]

1. e4 e6 2. d4 d5 3. Nc3 Bb4 4. e5 c5 5. a3 Bxc3+ 6. bxc3 Qc7 7. Bb5+ Bd7 8.
Bxd7+ Nxd7 9. Ne2 Ne7 10. O-O Rc8 11. f4 cxd4 12. Qxd4 Nc6 13. Qf2 O-O 14. a4
Nb6 15. Qh4 Nc4 16. Rf3 Qb6+ 17. Kh1 Qd8 18. Qh5 Qe7 19. Rh3 h6 20. g4 f6 21.
Qg6 Qf7 22. Qxf7+ Rxf7 23. exf6 Rxf6 24. Be3 Nxe3 25. Rxe3 g5 26. fxg5 hxg5 27.
Rb1 b6 28. Rd1 Rd8 29. Nd4 Nxd4 30. Rxd4 Kf7 31. Kg2 Rf4 32. Rxf4+ gxf4 33. Rf3
e5 34. h4 Kg6 35. Rd3 Kf6 36. c4 d4 37. c3 dxc3 38. Rxc3 e4 39. c5 bxc5 40.
Rxc5 Rd2+ 41. Kf1 Ra2 42. Rf5+ Ke6 43. Rxf4 Rxa4 44. g5 Ke5 45. Rf8 Ra2 46. g6
1-0

[Event "Open 2003 des PSV Rostock"]
[Site "Rostock"]
[Date "2003.08.30"]
[Round "6.28"]
[White "Glebow, Roman"]
[Black "Vladov, Mark"]
[Result "1-0"]
[WhiteElo "1498"]
[BlackElo "1735"]
[PlyCount "84"]
[EventDate "2003.08.28"]
[EventType "swiss"]
[EventRounds "7"]
[EventCountry "GER"]
[Source "Th. Schwetlick"]
[SourceDate "2003.08.28"]

1. e4 d6 2. d4 Nf6 3. Nc3 g6 4. f4 Bg7 5. Nf3 O-O 6. Be2 c5 7. dxc5 Qa5 8. cxd6
Nxe4 9. dxe7 Re8 10. O-O Bxc3 11. bxc3 Qc5+ 12. Qd4 Qxe7 13. Bd3 Bf5 14. Qb4
Qc7 15. Qc4 Nc6 16. Rb1 a6 17. Ne5 Nd6 18. Qc5 Be6 19. Nxc6 Bxa2 20. Ba3 Bxb1
21. Qxd6 Qxc6 22. Qxc6 bxc6 23. Rxb1 a5 24. Kf2 Rab8 25. Rxb8 Rxb8 26. Ke2 f5
27. Ke3 Rb1 28. Kd4 Ra1 29. Bb2 Rb1 30. Ba3 Ra1 31. Bd6 a4 32. Kc5 a3 33. Kxc6
a2 34. Bc4+ Kg7 35. Be5+ Kf8 36. Bb3 Rg1 37. Bxa2 Rxg2 38. Bb3 Rxh2 39. c4 Re2
40. c5 Ke8 41. Kb7 g5 42. c6 g4 1-0

[Event "Open 2003 des PSV Rostock"]
[Site "Rostock"]
[Date "2003.08.30"]
[Round "6.29"]
[White "Uphoff, Juergen"]
[Black "Burghardt, Bernd"]
[Result "0-1"]
[WhiteElo "1413"]
[BlackElo "1663"]
[PlyCount "80"]
[EventDate "2003.08.28"]
[EventType "swiss"]
[EventRounds "7"]
[EventCountry "GER"]
[Source "Th. Schwetlick"]
[SourceDate "2003.08.28"]

1. d4 Nf6 2. Nf3 g6 3. e3 Bg7 4. c4 O-O 5. Nc3 d6 6. Be2 Nbd7 7. O-O e5 8. dxe5
dxe5 9. Qc2 Nc5 10. Nxe5 Bf5 11. Qd1 Qe7 12. Nf3 Rad8 13. Qe1 Nd3 14. Qd1 Ne4
15. Nd5 Rxd5 16. cxd5 Nxb2 17. Bxb2 Bxb2 18. Qb3 Bxa1 19. Rxa1 Qf6 20. Rc1 b6
21. Rxc7 Qa1+ 22. Bf1 Nc5 23. Rxc5 bxc5 24. h3 Qb1 25. Qc4 Qb4 26. Ne5 Qxc4 27.
Bxc4 Kg7 28. Nc6 Bd7 29. Ne5 Ba4 30. Nd3 Rc8 31. e4 Bc2 32. f3 Bxd3 33. Bxd3 c4
34. Bc2 Rb8 35. d6 Kf6 36. f4 Ke6 37. e5 f6 38. g4 fxe5 39. f5+ gxf5 40. Bxf5+
Kxd6 0-1

[Event "Open 2003 des PSV Rostock"]
[Site "Rostock"]
[Date "2003.08.30"]
[Round "6.30"]
[White "Heinisch, Uwe"]
[Black "Ehlers, Michael"]
[Result "1/2-1/2"]
[WhiteElo "1622"]
[BlackElo "1340"]
[PlyCount "39"]
[EventDate "2003.08.28"]
[EventType "swiss"]
[EventRounds "7"]
[EventCountry "GER"]
[Source "Th. Schwetlick"]
[SourceDate "2003.08.28"]

1. d4 Nf6 2. Nf3 g6 3. e3 Bg7 4. Bd3 O-O 5. Nbd2 b6 6. O-O Bb7 7. c3 d6 8. Re1
c5 9. Qc2 Nbd7 10. e4 Rc8 11. d5 Re8 12. c4 Ng4 13. Rb1 Nge5 14. b3 e6 15. Bb2
Re7 16. h3 Qe8 17. Nxe5 Bxe5 18. Nf3 Bxb2 19. Qxb2 exd5 20. exd5 1/2-1/2

[Event "Open 2003 des PSV Rostock"]
[Site "Rostock"]
[Date "2003.08.30"]
[Round "6.31"]
[White "Roehl, Ivonne"]
[Black "Deicke, Detlef"]
[Result "1-0"]
[WhiteElo "1588"]
[BlackElo "995"]
[PlyCount "69"]
[EventDate "2003.08.28"]
[EventType "swiss"]
[EventRounds "7"]
[EventCountry "GER"]
[Source "Th. Schwetlick"]
[SourceDate "2003.08.28"]

1. d4 Nf6 2. c4 e5 3. d5 Bc5 4. Nc3 Ng4 5. Ne4 Na6 6. Nxc5 Nxc5 7. f3 Nf6 8. e4
d6 9. Ne2 O-O 10. Nc3 b6 11. Be2 Bd7 12. Bg5 h6 13. Bh4 a6 14. O-O g5 15. Bf2
Kh8 16. Rc1 Nh5 17. b4 Nb7 18. c5 bxc5 19. bxc5 c6 20. cxd6 Nf6 21. dxc6 Bxc6
22. Na4 Bxa4 23. Qxa4 a5 24. Qb5 Nxd6 25. Qxe5 Re8 26. Qd4 Nc8 27. Rfd1 Qxd4
28. Bxd4 Kg7 29. Rc7 Re7 30. Rc5 Nb6 31. Rc6 Nbd7 32. Bc3 Rb8 33. Rxd7 Rxd7 34.
Rxf6 Rc7 35. Rc6+ 1-0

[Event "Open 2003 des PSV Rostock"]
[Site "Rostock"]
[Date "2003.08.30"]
[Round "6.33"]
[White "Kupfer, Wilfried"]
[Black "Suliga, Eckhard"]
[Result "1-0"]
[WhiteElo "1185"]
[BlackElo "1661"]
[PlyCount "85"]
[EventDate "2003.08.28"]
[EventType "swiss"]
[EventRounds "7"]
[EventCountry "GER"]
[Source "Th. Schwetlick"]
[SourceDate "2003.08.28"]

1. e4 e6 2. d4 d5 3. exd5 exd5 4. Nc3 Bb4 5. Bd3 Nc6 6. Nge2 Nge7 7. O-O O-O 8.
Bg5 Re8 9. a3 Ba5 10. b4 Bb6 11. Re1 Bg4 12. Qd2 Qd7 13. b5 Na5 14. Ng3 Nc4 15.
Qf4 Ng6 16. Bxg6 Rxe1+ 17. Rxe1 hxg6 18. Re7 Qxe7 19. Bxe7 Be6 20. h4 Re8 21.
Bc5 Ba5 22. Bb4 Bb6 23. Bc5 Ba5 24. Bxa7 Bxc3 25. Qxc7 Bc8 26. h5 Ba5 27. Qf4
gxh5 28. Nxh5 Re1+ 29. Kh2 Re6 30. Qg5 Rg6 31. Qxd5 Nd6 32. Bc5 Ne8 33. b6 Bg4
34. Nf4 Rh6+ 35. Kg1 Rc6 36. Qd8 Rc8 37. Qe7 Nf6 38. Qxb7 Re8 39. Be7 Bd2 40.
Nd5 Nd7 41. c4 Be6 42. c5 Bxd5 43. Qxd7 1-0

[Event "Open 2003 des PSV Rostock"]
[Site "Rostock"]
[Date "2003.08.30"]
[Round "6.34"]
[White "Roesch, Christian"]
[Black "Salden, Franziska"]
[Result "0-1"]
[WhiteElo "1550"]
[BlackElo "1513"]
[PlyCount "88"]
[EventDate "2003.08.28"]
[EventType "swiss"]
[EventRounds "7"]
[EventCountry "GER"]
[Source "Th. Schwetlick"]
[SourceDate "2003.08.28"]

1. d4 d5 2. c4 e6 3. Nf3 Nf6 4. Nc3 Nbd7 5. cxd5 exd5 6. Bg5 Be7 7. e3 O-O 8.
Bd3 h6 9. Bh4 c6 10. O-O Ne4 11. Bxe7 Qxe7 12. Bxe4 dxe4 13. Nd2 Nf6 14. Qe2 b6
15. f3 exf3 16. Nxf3 Re8 17. Ne5 c5 18. Qd3 Bb7 19. Rf2 a5 20. Re1 Rf8 21. Qb5
Qe6 22. Qd3 Nd7 23. Nf3 Ba6 24. Qd2 Rad8 25. d5 Qe7 26. e4 Bb7 27. Qf4 Nf6 28.
Nd2 Nxd5 29. Nxd5 Bxd5 30. b3 Bc6 31. Nc4 Rb8 32. e5 Rfd8 33. Ref1 Rd7 34. Nd6
Rf8 35. Qf5 Bd5 36. Rf4 Qe6 37. g4 Qxf5 38. gxf5 f6 39. Rd1 fxe5 40. Rf2 Rxd6
41. Rfd2 Rfd8 42. Kf2 Kf7 43. Kg3 Ke7 44. Kg4 Bf3+ 0-1

[Event "Open 2003 des PSV Rostock"]
[Site "Rostock"]
[Date "2003.08.31"]
[Round "7.2"]
[White "Hueneburg, Christian"]
[Black "Tomczak, Rafal"]
[Result "1/2-1/2"]
[WhiteElo "2268"]
[BlackElo "2295"]
[PlyCount "39"]
[EventDate "2003.08.28"]
[EventType "swiss"]
[EventRounds "7"]
[EventCountry "GER"]
[Source "Th. Schwetlick"]
[SourceDate "2003.08.28"]

1. e4 c5 2. Nf3 d6 3. d4 cxd4 4. Nxd4 Nf6 5. Nc3 a6 6. Bc4 e6 7. a3 b5 8. Ba2
Be7 9. O-O Qc7 10. Be3 Nc6 11. f3 O-O 12. Qe1 Rb8 13. Rd1 Ne5 14. Bc1 Nc4 15.
Kh1 Rd8 16. f4 Bb7 17. Rd3 Qc5 18. Nb3 Qc6 19. Nd4 Qc5 20. Nb3 1/2-1/2

[Event "Open 2003 des PSV Rostock"]
[Site "Rostock"]
[Date "2003.08.31"]
[Round "7.3"]
[White "Gottschalk, Jens"]
[Black "Kutschke, Peter"]
[Result "1-0"]
[WhiteElo "2195"]
[BlackElo "2109"]
[PlyCount "118"]
[EventDate "2003.08.28"]
[EventType "swiss"]
[EventRounds "7"]
[EventCountry "GER"]
[Source "Th. Schwetlick"]
[SourceDate "2003.08.28"]

1. d4 d5 2. c4 Bf5 3. cxd5 Bxb1 4. Qa4+ c6 5. dxc6 Nxc6 6. Rxb1 Qxd4 7. Qxd4
Nxd4 8. Bd2 e6 9. e3 Nc6 10. Bb5 Rc8 11. Rc1 Bd6 12. Bxc6+ Rxc6 13. Rxc6 bxc6
14. Bc3 f6 15. Nf3 Ne7 16. e4 e5 17. Ke2 Kd7 18. Nd2 Rb8 19. Rd1 Ke6 20. Nc4
Bc7 21. b3 g6 22. f3 Rb5 23. Bb2 Nc8 24. Rd3 Nd6 25. Nxd6 Bxd6 26. Bc1 f5 27.
Rc3 c5 28. Rc4 Ra5 29. a4 Ra6 30. Kd3 Be7 31. Be3 Ra5 32. Rc2 h5 33. Kc4 f4 34.
Bf2 g5 35. Rd2 g4 36. Rd5 Bd6 37. Bxc5 Bxc5 38. Rxc5 Ra6 39. Kd3 Rd6+ 40. Ke2
Rb6 41. Rc3 Rb4 42. Kd2 Rb8 43. Kc2 Rg8 44. Rc6+ Kd7 45. Ra6 gxf3 46. Rxa7+ Kd6
47. gxf3 Rg2+ 48. Kc3 Rf2 49. Ra6+ Kd7 50. Kc4 Rxf3 51. b4 Ra3 52. a5 Ke7 53.
Kd5 f3 54. Kxe5 Rb3 55. Rf6 Rxb4 56. Rxf3 Rb5+ 57. Kf4 Rxa5 58. Rg3 Ra2 59. h3
Ke6 1-0

[Event "Open 2003 des PSV Rostock"]
[Site "Rostock"]
[Date "2003.08.31"]
[Round "7.4"]
[White "Jeske, Eckhard"]
[Black "Rudolf, Henrik"]
[Result "0-1"]
[WhiteElo "2213"]
[BlackElo "2316"]
[PlyCount "130"]
[EventDate "2003.08.28"]
[EventType "swiss"]
[EventRounds "7"]
[EventCountry "GER"]
[Source "Th. Schwetlick"]
[SourceDate "2003.08.28"]

1. c4 g6 2. Nc3 Bg7 3. Nf3 Nf6 4. d4 O-O 5. h3 d6 6. Qc2 c5 7. e4 Nc6 8. Be3
Qa5 9. Qd2 e5 10. dxe5 dxe5 11. Bd3 Nd4 12. Nxd4 exd4 13. Nd5 Qa6 14. Bf4 Nxd5
15. exd5 Re8+ 16. Kf1 Bd7 17. Kg1 b5 18. b3 bxc4 19. bxc4 Be5 20. Bxe5 Rxe5 21.
Kh2 Bf5 22. f4 Re3 23. Bxf5 gxf5 24. Rhe1 Re4 25. Qd3 Rae8 26. Rf1 Kh8 27. Rf3
Rg8 28. a4 Qg6 29. Ra2 Rge8 30. Raf2 Rb8 31. Rg3 Qf6 32. a5 h6 33. Qa3 Qd6 34.
Qf3 Re3 35. Qh5 Rxg3 36. Kxg3 Rb3+ 37. Kh2 Qf6 38. d6 Rb7 39. Qf3 Rd7 40. Qa8+
Kh7 41. Qd5 Qxd6 42. Qxf5+ Kg7 43. Qd3 Re7 44. Rf3 Re6 45. h4 Rg6 46. Qf5 Rf6
47. Qg4+ Rg6 48. Qf5 Qc7 49. h5 Rg5 50. Rg3 Rxg3 51. Kxg3 Qd6 52. Qd3 Qe6 53.
Kf3 f5 54. g3 Kf6 55. Qa3 Qxc4 56. Kg2 Qc2+ 57. Kh3 Qe4 58. Kh2 Qe2+ 59. Kh3
Qxh5+ 60. Kg2 Qe2+ 61. Kh3 Qe4 62. Kh2 Qc2+ 63. Kh3 Kg6 64. Qf3 Qe4 65. Qd1 d3
0-1

[Event "Open 2003 des PSV Rostock"]
[Site "Rostock"]
[Date "2003.08.31"]
[Round "7.5"]
[White "Knuth, Hannes"]
[Black "Hornych, Christoph"]
[Result "1-0"]
[WhiteElo "2313"]
[BlackElo "2169"]
[PlyCount "105"]
[EventDate "2003.08.28"]
[EventType "swiss"]
[EventRounds "7"]
[EventCountry "GER"]
[Source "Th. Schwetlick"]
[SourceDate "2003.08.28"]

1. d4 Nf6 2. c4 c5 3. d5 b5 4. cxb5 a6 5. e3 axb5 6. Bxb5 Ba6 7. Bxa6 Rxa6 8.
Nf3 g6 9. b3 Bg7 10. Bb2 O-O 11. O-O d6 12. Qd3 Qb6 13. Nbd2 Nbd7 14. Nc4 Qa7
15. h3 Rb8 16. Nfd2 Nb6 17. Nxb6 Rbxb6 18. a4 Qb7 19. Rfd1 Rb4 20. Bxf6 Bxf6
21. Rac1 Ra8 22. Rc4 Rb8 23. Rdc1 Qb6 24. h4 h5 25. Rxb4 Qxb4 26. Rc4 Qa3 27.
g4 Qa1+ 28. Kg2 Qd1 29. g5 Bb2 30. Qc2 Qxc2 31. Rxc2 Ba3 32. Nc4 Bb4 33. e4 Kg7
34. f4 Be1 35. Rc1 Bxh4 36. Nd2 f6 37. Nf3 fxg5 38. fxg5 Bxg5 39. Nxg5 Rxb3 40.
Ra1 Kf6 41. Ne6 Rb2+ 42. Kf3 g5 43. a5 g4+ 44. Kg3 Rb3+ 45. Kg2 Rb2+ 46. Kg1
Rb7 47. Nd8 Ra7 48. a6 Kg5 49. Nc6 Ra8 50. a7 Kf4 51. Ra4 Ke3 52. e5 dxe5 53.
Nxe5 1-0

[Event "Open 2003 des PSV Rostock"]
[Site "Rostock"]
[Date "2003.08.31"]
[Round "7.6"]
[White "Prosch, Carsten"]
[Black "Dettmann, Gerd"]
[Result "1-0"]
[WhiteElo "2236"]
[BlackElo "2162"]
[PlyCount "79"]
[EventDate "2003.08.28"]
[EventType "swiss"]
[EventRounds "7"]
[EventCountry "GER"]
[Source "Th. Schwetlick"]
[SourceDate "2003.08.28"]

1. Nf3 Nf6 2. g3 g6 3. Bg2 Bg7 4. d4 d5 5. O-O O-O 6. c4 c6 7. cxd5 cxd5 8. Ne5
Nbd7 9. Nc3 e6 10. f4 a6 11. a4 b6 12. b4 Bb7 13. Qd3 Ne8 14. b5 Nd6 15. Ba3
Nf6 16. bxa6 Bxa6 17. Nb5 Re8 18. Rfd1 Bf8 19. Qb3 Bxb5 20. axb5 Nfe4 21. Bxe4
Nxe4 22. Bxf8 Rxf8 23. Ra6 h5 24. Rda1 Rxa6 25. bxa6 Qc7 26. Qa3 Qc2 27. Qxf8+
Kxf8 28. a7 Qxe2 29. a8=Q+ Kg7 30. Qa3 Qf2+ 31. Kh1 Qxd4 32. Re1 Qd2 33. Qe3
Qb2 34. Qe2 Qc3 35. Nf3 b5 36. Ng5 f5 37. Qe3 Qxe3 38. Rxe3 Kf6 39. Nf3 g5 40.
fxg5+ 1-0

[Event "Open 2003 des PSV Rostock"]
[Site "Rostock"]
[Date "2003.08.31"]
[Round "7.9"]
[White "Roehl, Rainer"]
[Black "Schroeder, Christian"]
[Result "1-0"]
[WhiteElo "2180"]
[BlackElo "2155"]
[PlyCount "29"]
[EventDate "2003.08.28"]
[EventType "swiss"]
[EventRounds "7"]
[EventCountry "GER"]
[Source "Th. Schwetlick"]
[SourceDate "2003.08.28"]

1. d4 d5 2. c4 e6 3. Nc3 c5 4. cxd5 cxd4 5. Qxd4 Nc6 6. Qd1 Nb4 7. e4 exd5 8.
exd5 Qe7+ 9. Be3 Bf5 10. Bb5+ Kd8 11. Rc1 a6 12. Be2 Be4 13. d6 Qe6 14. Nxe4
Qxe4 15. Rc4 1-0

[Event "Open 2003 des PSV Rostock"]
[Site "Rostock"]
[Date "2003.08.31"]
[Round "7.11"]
[White "Giese, Guido"]
[Black "Porsch, Harald"]
[Result "1/2-1/2"]
[WhiteElo "2023"]
[BlackElo "2248"]
[PlyCount "31"]
[EventDate "2003.08.28"]
[EventType "swiss"]
[EventRounds "7"]
[EventCountry "GER"]
[Source "Th. Schwetlick"]
[SourceDate "2003.08.28"]

1. Nc3 d6 2. e4 g6 3. d4 Bg7 4. Be3 c6 5. a4 Nf6 6. h3 O-O 7. Nf3 Qc7 8. Be2
Nbd7 9. O-O e5 10. Qd2 Re8 11. dxe5 dxe5 12. Rfd1 Bf8 13. Ne1 Nc5 14. Bf3 Ne6
15. Ne2 Nc5 16. Nc3 1/2-1/2

[Event "Open 2003 des PSV Rostock"]
[Site "Rostock"]
[Date "2003.08.31"]
[Round "7.13"]
[White "Kripfganz, Sebastian"]
[Black "Resnjanskij, Denis"]
[Result "1/2-1/2"]
[WhiteElo "1764"]
[BlackElo "1953"]
[PlyCount "123"]
[EventDate "2003.08.28"]
[EventType "swiss"]
[EventRounds "7"]
[EventCountry "GER"]
[Source "Th. Schwetlick"]
[SourceDate "2003.08.28"]

1. c4 Nf6 2. Nc3 g6 3. Nf3 Bg7 4. g3 O-O 5. Bg2 c5 6. O-O Nc6 7. d3 e5 8. Rb1
d5 9. cxd5 Nxd5 10. Ng5 Nde7 11. Be3 b6 12. f4 h6 13. Nh3 Rb8 14. fxe5 Nf5 15.
Qd2 Nxe3 16. Qxe3 Nxe5 17. Nf2 Ng4 18. Qd2 Bd4 19. Ncd1 Re8 20. Kh1 Ne3 21.
Nxe3 Bxe3 22. Qc2 f5 23. Rbe1 Bb7 24. Nd1 Bxg2+ 25. Kxg2 Qd5+ 26. Rf3 Bd4 27.
Qc4 Rbd8 28. Kf1 Qxc4 29. dxc4 Re4 30. Rd3 Rde8 31. e3 Bf6 32. b3 R4e7 33. Kf2
Kf7 34. Kf3 g5 35. Re2 h5 36. Red2 h4 37. Nc3 g4+ 38. Kf2 Bg5 39. Nd5 Re6 40.
Nf4 Bxf4 41. exf4 h3 42. Rd7+ Kf8 43. R7d5 Rf6 44. Re5 Rxe5 45. fxe5 Re6 46.
Rd5 b5 47. cxb5 a6 48. a4 axb5 49. axb5 Re8 50. Ke3 Ra8 51. Rxc5 Ra3 52. Rc3
Ra5 53. Kf4 Rxb5 54. Kxf5 Rb4 55. e6 Ke7 56. Rc7+ Kd8 57. Rd7+ Ke8 58. Rh7 Rxb3
59. Kxg4 Re3 60. Rh6 Kf8 61. Kxh3 Kg7 62. Rh5 1/2-1/2

[Event "Open 2003 des PSV Rostock"]
[Site "Rostock"]
[Date "2003.08.31"]
[Round "7.14"]
[White "Schmidt, Wolfgang"]
[Black "Van Bentum, Horst"]
[Result "0-1"]
[WhiteElo "1776"]
[BlackElo "2090"]
[PlyCount "28"]
[EventDate "2003.08.28"]
[EventType "swiss"]
[EventRounds "7"]
[EventCountry "GER"]
[Source "Th. Schwetlick"]
[SourceDate "2003.08.28"]

1. d4 Nf6 2. Nf3 b6 3. e3 Bb7 4. Bd3 d6 5. Nbd2 Nbd7 6. O-O e5 7. e4 g6 8. Re1
Bg7 9. c3 O-O 10. Nc4 exd4 11. cxd4 Nxe4 12. Bxe4 Bxe4 13. Nxd6 Bxf3 14. Qxf3
cxd6 0-1

[Event "Open 2003 des PSV Rostock"]
[Site "Rostock"]
[Date "2003.08.31"]
[Round "7.15"]
[White "Kasper, Mike"]
[Black "Oldach, Ehrenfried"]
[Result "1/2-1/2"]
[WhiteElo "1794"]
[BlackElo "2057"]
[PlyCount "51"]
[EventDate "2003.08.28"]
[EventType "swiss"]
[EventRounds "7"]
[EventCountry "GER"]
[Source "Th. Schwetlick"]
[SourceDate "2003.08.28"]

1. e4 e5 2. Nf3 Nc6 3. d4 exd4 4. Nxd4 Bc5 5. Be3 Qf6 6. c3 Nge7 7. Qf3 Qxf3 8.
gxf3 Nxd4 9. Bxd4 Bxd4 10. cxd4 Nc6 11. d5 Nb4 12. Na3 d6 13. Kd2 Bd7 14. Nb5
Bxb5 15. Bxb5+ c6 16. dxc6 bxc6 17. Be2 a5 18. Rhc1 Kd7 19. Rg1 g6 20. f4 Na6
21. Bc4 Ke7 22. Rac1 Nc5 23. Ke3 Rhb8 24. Rc2 Ra7 25. b3 Nd7 26. Rg5 1/2-1/2